00707nai a2200181Ia 4500003000900000008004100009022002200050022002300072040001600095245003900111260008600150310001200236362003100248521006900279650004500348650003900393856009300432IN-BaIIA211028c9999 xx s 000 0 eng d a0095-9197 (Print) a2376-7804 (Online) cIIA Library 0aElectrical Engineeringh[eJournal] aNew York, USAbThe Institute of Electrical and Electronics Engineers, Inc. (IEEE) aMonthly a50(1); 1931 - 82(12); 1963 bSubscribed through National Knowledge Resource Consortium (NKRC) a Power, Energy and Industry Applications aFields, Waves and Electromagnetics uhttps://ieeexplore.ieee.org/servlet/opac?punumber=6413714yClick Here to Access eJournal